| 000 | 00373nam a22001577a 4500 | ||
|---|---|---|---|
| 999 |
_c10450 _d10450 |
||
| 003 | OSt | ||
| 008 | 210211b ||||| |||| 00| 0 eng d | ||
| 020 | _a9780198061830 | ||
| 100 | _aKharate,GK | ||
| 245 | _aDigital Elecronics | ||
| 250 | _a1st Ed and 14th Impression 2019 | ||
| 260 |
_aNew Delhi _bOxford _c2019 |
||
| 300 | _a667 | ||
| 650 | _aBCA | ||
| 942 |
_2ddc _cBK _016 |
||